Everyone's a winner (Record no. 75851)
[ view plain ]
| 000 -LEADER | |
|---|---|
| fixed length control field | 00786cab a2200181 4500 |
| 001 - CONTROL NUMBER | |
| control field | L130867 |
| 008 - FIXED-LENGTH DATA ELEMENTS--GENERAL INFORMATION | |
| fixed length control field | 050908n2005 000 0 eng u |
| 035 ## - SYSTEM CONTROL NUMBER | |
| System control number | (Sirsi) u130867 |
| 041 0# - LANGUAGE CODE | |
| Language code of text/sound track or separate title | eng |
| 100 1# - MAIN ENTRY--PERSONAL NAME | |
| Personal name | Blamey, Melissa |
| 245 0# - TITLE STATEMENT | |
| Title | Everyone's a winner |
| 260 ## - PUBLICATION, DISTRIBUTION, ETC. | |
| Date of publication, distribution, etc. | 2005 |
| 490 #0 - SERIES STATEMENT | |
| Series statement | House Builder |
| Volume/sequential designation | 64(8) September 2005, 51-52(2) |
| 520 ## - SUMMARY, ETC. | |
| Summary, etc. | Reports on the 2005 Housing Design Awards which had the theme of building a sense of community into new housing schemes. The quality of entries was so high that the judges chose to recognise every shortlisted scheme with awards accreditation. Describes the completed scheme award winners and the project award winners. |
| 590 ## - LOCAL NOTE (RLIN) | |
| Local note | IKA130905 |
| 690 ## - LOCAL SUBJECT ADDED ENTRY--TOPICAL TERM (OCLC, RLIN) | |
| Topical term or geographic name as entry element | BUILT ENVIRONMENT-CONSTRUCTION DESIGN-ARCHITECTURAL DESIGN |
| 942 ## - ADDED ENTRY ELEMENTS (KOHA) | |
| Suppress in OPAC | 0 |
| Withdrawn status | Lost status | Source of classification or shelving scheme | Damaged status | Not for loan | Home library | Current library | Shelving location | Date acquired | Total Checkouts | Full call number | Barcode | Date last seen | Copy number | Price effective from | Koha item type |
|---|---|---|---|---|---|---|---|---|---|---|---|---|---|---|---|
| Dewey Decimal Classification | London | London | Journal article | 08/09/2005 | L130867 | 130867-1001 | 06/08/2019 | 1 | 06/08/2019 | Journal article |